000 00293nam a22001337a 4500
008 170424b xxu||||| |||| 00| 0 eng d
020 _a67660
041 _aeng
080 _a543
100 _a12
101 _aSHM
245 _aMODERN METHODS OF CHEMICAL ANALYSIS
_cPECSOK
942 _2udc
_cBK
999 _c11746
_d11746